Intelligent Control Based on Flexible Neural Networks /
Introducción a los diferentes tipos de redes neurales flexibles para el diseño y desarrollo de sistemas de control inteligente. Contenido: Introducción; Fundamentos de redes neurales; Controles auto ajustables de integrales proporcionales-derivadas; Control de auto ajuste del esfuerzo de rotación co...
Na minha lista:
| Autor principal: | |
|---|---|
| Outros Autores: | |
| Formato: | Livro |
| Idioma: | inglês |
| Publicado em: |
Boston, EUA :
Kluwer,
1999, c1999
|
| Colecção: | (International Series on Microprocessor-Based and Intelligent Systems Engineering ;
19) |
| Assuntos: | |
| Tags: |
Sem tags, seja o primeiro a adicionar uma tag!
|
MARC
| LEADER | 00000nam^a2200000^a^4500 | ||
|---|---|---|---|
| 001 | 000152774 | ||
| 005 | 20250521000000.0 | ||
| 009 | 20260310100255.536 | ||
| 020 | |a 0-7923-5683-7 | ||
| 037 | |a Acervo ITESO - Biblioteca | ||
| 041 | |a ING | ||
| 082 | |a 629. 895632 |b TES | ||
| 100 | |a Teshnehlab, Mohammad |e (autor) | ||
| 245 | 1 | 0 | |a Intelligent Control Based on Flexible Neural Networks / |c M. Teshnehlab, K. Watanabe. |
| 264 | 4 | |a Boston, EUA : |b Kluwer, |c 1999, c1999 | |
| 300 | |a XIV, 235 p. | ||
| 336 | |a texto |b txt |2 rdacontenido | ||
| 337 | |a sin mediación |b n |2 rdamedio | ||
| 338 | |a volumen |b nc |2 rdasoporte | ||
| 440 | 1 | |a (International Series on Microprocessor-Based and Intelligent Systems Engineering ; |v 19) | |
| 520 | |a Introducción a los diferentes tipos de redes neurales flexibles para el diseño y desarrollo de sistemas de control inteligente. Contenido: Introducción; Fundamentos de redes neurales; Controles auto ajustables de integrales proporcionales-derivadas; Control de auto ajuste del esfuerzo de rotación computado; Desarrollo de un modelo de dinámica inversa; Redes neurales flexibles auto organizadoras. | ||
| 649 | |a XX | ||
| 650 | |a Funciones (Matemáticas) | ||
| 650 | |a Algoritmos Genéticos | ||
| 650 | |a Análisis Numérico | ||
| 650 | |a Modelos Matemáticos | ||
| 650 | |a Control Adaptativo | ||
| 650 | |a Control Inteligente | ||
| 650 | |a Control Neurodifuso | ||
| 650 | |a Control Automático | ||
| 650 | |a Control de Procesos | ||
| 650 | |a Redes Neurales | ||
| 650 | |a Inteligencia Artificial | ||
| 650 | |a Ingeniería Computacional | ||
| 650 | |a Ingeniería Electrónica | ||
| 700 | |a Watanabe, Keigo |e (autor) | ||
| 910 | |a Fondo General | ||
| 920 | |a Impresos - Libros | ||
| 930 | |a Colección General | ||
| 905 | |a 101 | ||
| 901 | |a 0500081668 |b IT1 |c ACC |u 20250521 | ||
| 902 | |a https://opac.biblio.iteso.mx/vufind/Record/000152774 | ||